000 00515nam a2200217Ia 4500
003 OSt
005 20230503110311.0
008 210423s2019 xx 000 0 und d
020 _a978-81-7599-295-5
040 _cAL
041 _aeng
082 _a823.912
_223
_bWELT
100 _aWELLS (H G)
_996701
245 _aTime machine
260 _aNew Delhi
_bFingerprint
_c2019
300 _a143
_bPB
365 _b125
_cINR
650 _aEnglish Fiction
_996702
906 _amachine ; Time
942 _2ddc
_cBK
999 _c170747
_d170747